| 000 | 00413nam a22001577a 4500 | ||
|---|---|---|---|
| 005 | 20160520170139.0 | ||
| 008 | 160520b xxu||||| |||| 00| 0 eng d | ||
| 041 | _aeng | ||
| 082 | _b3629 | ||
| 100 |
_aR. Warran Marsh C. Thomas Olive _9898 |
||
| 245 | _aPrinciples of Refrigeration | ||
| 260 |
_bD.B. Tarapare vala sons & co (p) Ltd. _c1971 |
||
| 300 | _a358 | ||
| 650 |
_aDIPLOMA ENGINEERING _9817 |
||
| 942 | _cBK | ||
| 999 |
_c1234 _d1234 |
||